Statistics for Flags of Countries of the World in 1975

Click here to take the quiz!

General Stats

  • This quiz has been taken 100 times
  • The average score is 115 of 158

Answer Stats

Answer% Correct
Japan
99%
South Korea
97%
Poland
96%
Chile
95%
Bahrain
91%
Cyprus
91%
Finland
91%
Israel
89%
Pakistan
89%
Panama
89%
Belgium
88%
Bulgaria
88%
Kenya
88%
Malta
88%
Switzerland
88%
Turkey
88%
Uruguay
88%
Qatar
87%
San Marino
87%
Canada
85%
Czechoslovakia
85%
Denmark
85%
East Germany
85%
Norway
85%
Tonga
85%
United States
85%
West Germany
85%
Albania
84%
Hungary
84%
Lebanon
84%
Monaco
84%
Netherlands
84%
Singapore
84%
Tunisia
84%
Uganda
84%
Austria
83%
Luxembourg
83%
Thailand
83%
China
81%
Liberia
81%
Nepal
81%
Angola
80%
Ecuador
80%
Indonesia
80%
Jordan
80%
Malaysia
80%
Peru
80%
Soviet Union
80%
Colombia
79%
India
79%
Madagascar
79%
Mexico
79%
Oman
79%
Paraguay
79%
Saudi Arabia
79%
Spain
79%
Taiwan
79%
Venezuela
79%
Algeria
77%
Bhutan
77%
Ireland
77%
Italy
77%
Mongolia
77%
Morocco
77%
Vatican City
77%
Argentina
76%
Australia
76%
Bangladesh
76%
Brazil
76%
Egypt
76%
Haiti
76%
Iceland
76%
Kampuchea
76%
Malawi
76%
New Zealand
76%
Papua New Guinea
76%
United Kingdom
76%
France
75%
Jamaica
75%
Portugal
75%
Cuba
73%
Laos
73%
Nigeria
73%
Sri Lanka
73%
Trinidad and Tobago
73%
Burundi
72%
Honduras
72%
Ivory Coast
72%
North Korea
72%
Rwanda
72%
Dominican Republic
71%
Maldives
71%
North Vietnam
71%
Tanzania
71%
Yugoslavia
71%
Zambia
71%
Fiji
69%
Guatemala
69%
Iraq
69%
Kuwait
69%
Nicaragua
69%
Niger
69%
Philippines
69%
Somalia
69%
South Africa
69%
Suriname
69%
Costa Rica
68%
El Salvador
68%
Ghana
68%
Liechtenstein
68%
Romania
68%
Sweden
68%
Western Samoa
68%
Botswana
67%
Central African Republic
67%
Grenada
67%
Guyana
67%
United Arab Emirates
67%
Andorra
65%
Chad
65%
Equatorial Guinea
64%
Mauritius
64%
Sierra Leone
64%
Sudan
64%
Bahamas
63%
Barbados
63%
Cameroon
63%
Mauritania
63%
Nauru
63%
Bolivia
61%
Gambia
61%
Lesotho
61%
Swaziland
61%
Gabon
60%
Guinea-Bissau
60%
Togo
60%
Mozambique
59%
São Tomé and Príncipe
59%
Syria
59%
Afghanistan
57%
Burma
57%
Greece
57%
Senegal
57%
Zaire
57%
Iran
56%
Mali
56%
South Yemen
56%
South Vietnam
55%
Ethiopia
53%
Comoros
52%
Guinea
51%
Libya
51%
North Yemen
51%
Rhodesia
49%
Congo
45%
Benin
44%
Upper Volta
44%
Cape Verde
41%

Score Distribution

Percentile by Number Answered

Percent of People with Each Score

Your Score History

You have not taken this quiz